| 000 | 01024nam a2200313Ia 4500 | ||
|---|---|---|---|
| 003 | OSt | ||
| 005 | 20221006153726.0 | ||
| 006 | a|||||r|||| 00| 0 | ||
| 007 | ta | ||
| 008 | 221006b |||||||| |||| 00| 0 eng d | ||
| 020 | _a9780415371476 | ||
| 024 | _a33,154 | ||
| 037 |
_bGift, Japan Foundation _cBound Volumes |
||
| 040 |
_aEASL _cEASL _beng |
||
| 041 |
_2eng _aeng |
||
| 082 | _aT:3(V).42, P8 | ||
| 100 |
_aNozaki yoshiko Au. _9665154 |
||
| 245 | 0 | _aWar Memory, nationalism and Education in postwar Japan,1945-2007 | |
| 260 |
_aRoutledge _bfirst published _c2008 |
||
| 300 |
_axviii,198P. _ccm. |
||
| 490 | _v JEL | ||
| 650 |
_a Education and state - Japan _9643078 |
||
| 650 |
_a Ienaga saburo _9665155 |
||
| 650 |
_a Japan - history - study and teaching _9665156 |
||
| 650 |
_a Textbooks - Censorship - Japan _9665157 |
||
| 650 |
_aJapan - history - textbooks _9665158 |
||
| 942 |
_hT:3(V).42, P8 _cCR _2CC |
||
| 999 |
_c1101240 _d1101240 |
||